[Event "WYCC U18 Open 2019"]
[Site "Mumbai"]
[Date "2019.10.07"]
[Round "7.2"]
[White "Petriashvili, Nikoloz"]
[Black "Gholami, Aryan"]
[Result "0-1"]
[WhiteElo "2441"]
[BlackElo "2554"]
[Annotator "TA"]
[PlyCount "76"]
[EventDate "2019.10.02"]
[EventType "swiss"]
[EventCountry "IND"]
[SourceTitle "playchess.com"]
[Source "ChessBase"]
[SourceQuality "1"]

{[%evp 15,76,-24,-17,-17,-13,-26,-33,-22,-17,-27,-29,-30,-26,-39,-40,-81,-56,-65,-75,-72,-58,-105,-112,-115,-126,-181,-160,-145,-98,-94,-89,-164,-85,-146,-79,-88,-89,-84,-77,-76,-71,-164,0,-8,0,0,0,0,0,-10,0,0,0,0,0,0,0,0,0,0,0,-29974,-29976]} 1. d4 d5 2. c4 e6 3. Nf3 a6 4. e3 Nf6 5. Nc3 dxc4 6. Bxc4 b5 7. Bd3 Bb7 8. a3 c5 $1 9. dxc5 $1 {D40: Queen's Gambit Declined: Semi-Tarrasch with 5 e3} Bxc5 10. b4 Bd6 11. Bb2 {Black is slightly better.} Qe7 12. Qb1 $146 ({Predecessor:} 12. O-O Nbd7 13. Rc1 O-O 14. Qe1 Rac8 15. h3 Nb6 16. Nd2 Be5 17. f4 {0-1 (17) Pogorelov,R (2469)-Drozdovskij,Y (2625) Palma de Mallorca 2009}) 12... Bxf3 13. gxf3 Nbd7 14. f4 e5 15. f5 Rc8 16. Rg1 O-O 17. Ke2 Rfe8 18. Qf1 e4 {[%mdl 64] [#] Discovered Attack} 19. Nxe4 $1 {[%mdl 512] aiming for Qg2!} Be5 $1 {[%cal Re5b2]} (19... Nxe4 $2 20. Rxg7+ Kf8 21. Qh3 $18) 20. Qb1 (20. Bxe5 $17 {was worth a try.} Qxe5 {[%mdl 64] Double Attack} 21. Nxf6+ Nxf6 22. Rc1) 20... Nxe4 $19 21. Bxe4 Qf6 22. Bxe5 Nxe5 23. a4 (23. Qb2 $17) 23... Qh4 (23... Nc4 $19 {And now ...Rxe4! would win.} 24. Bd3 Qh6 25. Bxc4 bxc4) 24. Rg3 (24. Bd5 $142) 24... Rc4 ({Resist} 24... Qxh2 25. axb5 axb5 26. Qg1 $15) ({Black should play} 24... bxa4 {Threatens to win with ...Rc4.} 25. Bd5 Kh8) 25. Bd5 $17 Rxb4 {[%mdl 64] Double Attack} 26. Qc2 Qh5+ ({But not} 26... Qxh2 $2 27. Rh1 $18) ({Much worse is} 26... Rd8 27. e4 $11) 27. Kf1 Qxh2 28. f6 {[#]} (28. axb5 $17 {is a better defense.} Rxb5 29. Bg2) 28... Ng4 $2 (28... g6 $1 $19 {Strongly threatening ...Nc4.} 29. axb5 Rxb5) 29. Qd2 Rd8 {Hoping for ...Rxd5!} 30. Rxg4 $1 Rxg4 {[#]} 31. Bxf7+ $1 {[%mdl 512]} Kxf7 32. Qxd8 $11 {[%mdl 4096] Endgame KQR-KQR} Qh1+ 33. Ke2 Qxa1 {[%mdl 64] Double Attack} 34. Qe7+ $1 Kg6 35. Qxg7+ {[#]} Kf5 $1 {( -> ...Qa2+)} 36. Qd7+ Kxf6 37. Qxg4 Qa2+ 38. Kf3 $2 {[%mdl 8192] [#]} (38. Ke1 $11) 38... Qd5+ $1 {Accuracy: White = 44%, Black = 63%.} 0-1

[Event "WYCC U18 Open 2019"]
[Site "Mumbai"]
[Date "2019.10.07"]
[Round "7.3"]
[White "Arjun Kalyan"]
[Black "Stoleriu, George"]
[Result "0-1"]
[WhiteElo "2483"]
[BlackElo "2351"]
[Annotator "ChessBase"]
[PlyCount "90"]
[EventDate "2019.10.02"]
[EventType "swiss"]
[EventCountry "IND"]
[SourceTitle "playchess.com"]
[Source "ChessBase"]
[SourceQuality "1"]
[TimeControl "40/5400+30:1800+30"]

1. e4 {[%emt 0:00:00]} e6 {[%emt 0:00:00]} 2. d4 {[%emt 0:00:00]} d5 {[%emt 0:00:00]} 3. Nc3 {[%emt 0:00:00]} Bb4 {[%emt 0:00:00]} 4. e5 {[%emt 0:00:01]} c5 {[%emt 0:00:00]} 5. a3 {[%emt 0:00:04]} Ba5 {[%emt 0:00:00]} 6. Qg4 {[%emt 0:07:35]} Ne7 {[%emt 0:01:26]} 7. Qxg7 {[%emt 0:02:33]} Rg8 {[%emt 0:00:04]} 8. Qxh7 {[%emt 0:00:36]} cxd4 {[%emt 0:00:07]} 9. b4 {[%emt 0:00:07]} Bc7 {[%emt 0:21:22]} 10. Nb5 {[%emt 0:05:43]} Bxe5 {[%emt 0:13:58]} 11. Nf3 {[%emt 0:00:47]} Rh8 {[%emt 0:00:03]} 12. Qd3 {[%emt 0:00:11]} f6 {[%emt 0:01:23]} 13. Bb2 {[%emt 0:10:51]} a6 {[%emt 0:12:11]} 14. Nbxd4 {[%emt 0:04:30]} Bd6 {[%emt 0:02:10]} 15. Qb3 {[%emt 0:14:37]} e5 {[%emt 0:01:31]} 16. Ne2 {[%emt 0:01:34]} a5 {[%emt 0:14:24]} 17. Nc3 {[%emt 0:06:55]} axb4 {[%emt 0:01:47]} 18. Nb5 {[%emt 0:01:59]} Nbc6 {[%emt 0:03:04]} 19. Nxd6+ {[%emt 0:01:40]} Qxd6 {[%emt 0:00:05]} 20. axb4 {[%emt 0:06:58]} Rxa1+ {[%emt 0:00:16]} 21. Bxa1 {[%emt 0:00:30]} Nxb4 {[%emt 0:04:20]} 22. Bb5+ {[%emt 0:04:18]} Kf7 {[%emt 0:02:09]} 23. c3 {[%emt 0:06:12]} Na6 {[%emt 0:03:28]} 24. Bb2 {[%emt 0:01:17]} Nc5 {[%emt 0:04:29]} 25. Ba3 {[%emt 0:00:44]} b6 {[%emt 0:00:02]} 26. Nd2 {[%emt 0:02:18]} e4 {[%emt 0:02:43]} 27. Nf1 {[%emt 0:12:45]} Be6 {[%emt 0:00:58]} 28. Qb2 {[%emt 0:02:18]} Nf5 {[%emt 0:02:16]} 29. Ne3 {[%emt 0:02:37]} Nxe3 {[%emt 0:02:50]} 30. fxe3 {[%emt 0:00:02]} Rxh2 {[%emt 0:00:08]} 31. Rxh2 {[%emt 0:00:33]} Qxh2 {[%emt 0:00:02]} 32. Bxc5 {[%emt 0:02:03]} bxc5 {[%emt 0:00:16]} 33. Be2 {[%emt 0:01:45]} Qg1+ {[%emt 0:01:21]} 34. Kd2 {[%emt 0:00:02]} Qxg2 {[%emt 0:01:44]} 35. Qb7+ {[%emt 0:00:08]} Kg6 {[%emt 0:01:29]} 36. Qe7 {[%emt 0:01:39]} Bg4 {[%emt 0:01:20]} 37. Qe8+ {[%emt 0:00:09]} Kg5 {[%emt 0:00:08]} 38. Qg8+ {[%emt 0:00:06]} Kh4 {[%emt 0:00:08]} 39. Qh7+ {[%emt 0:00:32]} Kg3 {[%emt 0:00:04]} 40. Qc7+ {[%emt 0:00:07]} Kf2 {[%emt 0:02:08]} 41. Qf4+ {[%emt 0:31:20]} Bf3 {[%emt 0:31:19]} 42. Qh4+ {[%emt 0:00:27]} Qg3 {[%emt 0:00:56]} 43. Qxf6 {[%emt 0:00:18]} Kg2 {[%emt 0:00:18]} 44. Qh6 {[%emt 0:00:00]} c4 {[%emt 0:00:00]} 45. Qb6 {[%emt 0:00:00]} Qg4 {[%emt 0:00:00]} 0-1

[Event "WYCC U18 Open 2019"]
[Site "Mumbai"]
[Date "2019.10.07"]
[Round "7.4"]
[White "Mitrabha, Guha"]
[Black "Buckels, Valentin"]
[Result "1-0"]
[WhiteElo "2434"]
[BlackElo "2442"]
[Annotator "ChessBase"]
[PlyCount "77"]
[EventDate "2019.10.02"]
[EventType "swiss"]
[EventCountry "IND"]
[SourceTitle "playchess.com"]
[Source "ChessBase"]
[SourceQuality "1"]
[TimeControl "40/5400+30:1800+30"]

1. Nf3 {[%emt 0:06:12]} Nf6 {[%emt 0:00:00]} 2. g3 {[%emt 0:00:06]} d5 {[%emt 0:00:18]} 3. Bg2 {[%emt 0:00:05]} e6 {[%emt 0:00:27]} 4. c4 {[%emt 0:00:06]} dxc4 {[%emt 0:00:28]} 5. Qa4+ {[%emt 0:00:14]} c6 {[%emt 0:03:31]} 6. Qxc4 {[%emt 0:00:06]} b5 {[%emt 0:00:06]} 7. Qc2 {[%emt 0:00:03]} Bb7 {[%emt 0:00:32]} 8. a4 {[%emt 0:00:34]} a6 {[%emt 0:01:13]} 9. d4 {[%emt 0:00:28]} Nbd7 {[%emt 0:01:52]} 10. O-O {[%emt 0:00:52]} c5 {[%emt 0:05:13]} 11. axb5 {[%emt 0:00:29]} axb5 {[%emt 0:00:28]} 12. Rxa8 {[%emt 0:00:13]} Qxa8 {[%emt 0:08:03]} 13. Na3 {[%emt 0:15:09]} b4 {[%emt 0:09:43]} 14. Nc4 {[%emt 0:00:25]} Be4 {[%emt 0:03:11]} 15. Qd1 {[%emt 0:00:39]} cxd4 {[%emt 0:13:35]} 16. Bf4 {[%emt 0:02:30]} Qa6 {[%emt 0:08:46]} 17. Qa1 {[%emt 0:30:06]} Qxc4 {[%emt 0:07:29]} 18. Rc1 {[%emt 0:00:02]} Qd5 {[%emt 0:10:27]} 19. Rc8+ {[%emt 0:00:14]} Ke7 {[%emt 0:00:01]} 20. Qa4 {[%emt 0:00:53]} Qb7 {[%emt 0:09:25]} 21. Rc7 {[%emt 0:00:52]} Qb6 {[%emt 0:00:30]} 22. Nd2 {[%emt 0:03:08]} Bxg2 {[%emt 0:08:17]} 23. Nc4 {[%emt 0:00:10]} Qxc7 {[%emt 0:00:32]} 24. Bxc7 {[%emt 0:00:03]} Bd5 {[%emt 0:01:22]} 25. Nd6 {[%emt 0:00:13]} Ne8 {[%emt 0:02:30]} 26. Nxe8 {[%emt 0:00:05]} Kxe8 {[%emt 0:00:09]} 27. Qa6 {[%emt 0:00:03]} e5 {[%emt 0:01:27]} 28. Qc8+ {[%emt 0:00:05]} Ke7 {[%emt 0:00:04]} 29. Qd8+ {[%emt 0:00:06]} Ke6 {[%emt 0:00:07]} 30. Qe8+ {[%emt 0:00:06]} Kf5 {[%emt 0:01:52]} 31. Qxd7+ {[%emt 0:00:02]} Be6 {[%emt 0:00:04]} 32. Qb5 {[%emt 0:00:05]} Be7 {[%emt 0:02:22]} 33. Qxe5+ {[%emt 0:00:23]} Kg6 {[%emt 0:00:01]} 34. Qe4+ {[%emt 0:00:20]} Kh6 {[%emt 0:00:22]} 35. h4 {[%emt 0:00:30]} Rc8 {[%emt 0:02:09]} 36. Bf4+ {[%emt 0:00:06]} g5 {[%emt 0:00:16]} 37. Bxg5+ {[%emt 0:00:21]} Bxg5 {[%emt 0:00:06]} 38. hxg5+ {[%emt 0:00:02]} Kxg5 {[%emt 0:00:17]} 39. f4+ {[%emt 0:00:15]} 1-0

[Event "WYCC U18 Open 2019"]
[Site "Mumbai"]
[Date "2019.10.07"]
[Round "7.5"]
[White "Iniyan, P."]
[Black "Chylewski, Patryk"]
[Result "1/2-1/2"]
[WhiteElo "2509"]
[BlackElo "2348"]
[Annotator "TA"]
[PlyCount "60"]
[EventDate "2019.10.02"]
[EventType "swiss"]
[EventCountry "IND"]
[SourceTitle "playchess.com"]
[Source "ChessBase"]
[SourceQuality "1"]

{[%evp 11,60,26,51,46,58,49,89,77,131,89,100,96,103,96,103,98,119,93,90,105,116,118,139,121,88,24,410,392,396,402,805,567,550,0,0,0,0,0,0,0,0,0,0,0,0,0,0,0,0,0,0]} 1. e4 e5 2. Nf3 Nc6 3. Bb5 a6 4. Ba4 Nf6 5. O-O Nxe4 6. d4 exd4 7. Re1 $1 {[%cal Re1e4] C80: Open Ruy Lopez: Sidelines and 9 Nbd2} d5 8. c4 {Strongly threatening cxd5.} (8. Nxd4 Bd6 9. Nxc6 Bxh2+ 10. Kh1 Qh4 11. Rxe4+ dxe4 12. Qd8+ Qxd8 13. Nxd8+ Kxd8 14. Kxh2 Be6 15. Be3 f5 16. Nc3 Ke7 17. Bb3 Kf7 18. g4 {½-½ (31) Efimenko,Z (2689)-Drenchev,P (2496) Golden Sands 2012}) 8... dxc3 9. Nxc3 {White is better.} Be6 (9... Bb4 $142) 10. Nd4 Qd7 11. Nxe4 dxe4 12. Nxc6 bxc6 13. Qc2 O-O-O 14. Bg5 {[%mdl 1024] White has strong compensation.} ({But not} 14. Bxc6 $6 Qd3 $11) (14. Qxe4 $6 Bd5 $11) 14... f6 15. Red1 $146 ({Predecessor:} 15. Bxc6) 15... Bd5 16. Be3 Be7 17. Rac1 {aiming for Rxd5!} Qe6 {[#]} 18. Rxd5 $1 {[%mdl 512]} Qxd5 $4 {[%mdl 8192]} (18... Rxd5 $11 19. Bxc6 Bd6) (18... cxd5 19. Qxc7#) 19. Bxc6 $18 Qa5 20. Qxe4 Bd6 (20... Qb4 $142 21. Qf5+ Kb8) 21. Qe6+ Kb8 {intending ...Bc5.} 22. a3 $2 (22. g3 $18 Bb4 23. Bf3) 22... Bc5 $1 $11 {...Rd6 is the strong threat.The position is equal.} 23. Bf3 $1 $40 {[%mdl 128] White has some attack.} ({Much weaker is} 23. Bxc5 Qxc5 24. Qe1 Qb6 $17) 23... Bxe3 24. Qc6 {[%csl Gf3][%cal Rc6b7] [#]} ({Reject} 24. fxe3 Rd6 $17) 24... Bxf2+ $1 25. Kh1 {[%csl Gf3][%cal Rc6b7]} (25. Kxf2 Qb6+) 25... Kc8 {And now ...Rhe8 would win.} 26. Bg4+ Kb8 27. Bf3 {[%csl Gf3][%cal Rc6b7]} Kc8 {Hoping for ...Rhe8.} 28. Bg4+ Kb8 29. Bf3 {[%csl Gf3][%cal Rc6b7]} Kc8 {White must now prevent ...Rhe8.} 30. Bg4+ Kb8 {Accuracy: White = 83%, Black = 48%.} 1/2-1/2

[Event "WYCC U18 Open 2019"]
[Site "Mumbai"]
[Date "2019.10.07"]
[Round "7.6"]
[White "Davtyan, Artur"]
[Black "Wang, Shixu B"]
[Result "1/2-1/2"]
[WhiteElo "2418"]
[BlackElo "2370"]
[Annotator "ChessBase"]
[PlyCount "63"]
[EventDate "2019.10.02"]
[EventType "swiss"]
[EventCountry "IND"]
[SourceTitle "playchess.com"]
[Source "ChessBase"]
[SourceQuality "1"]
[TimeControl "40/5400+30:1800+30"]

1. d4 {[%emt 0:00:00]} Nf6 {[%emt 0:00:00]} 2. c4 {[%emt 0:01:01]} e6 {[%emt 0:00:00]} 3. Nf3 {[%emt 0:00:04]} d5 {[%emt 0:00:00]} 4. g3 {[%emt 0:00:03]} Bb4+ {[%emt 0:01:11]} 5. Bd2 {[%emt 0:00:12]} Be7 {[%emt 0:03:19]} 6. Bg2 {[%emt 0:00:05]} O-O {[%emt 0:00:05]} 7. O-O {[%emt 0:00:04]} Nbd7 {[%emt 0:00:45]} 8. Qc2 {[%emt 0:00:04]} c6 {[%emt 0:00:08]} 9. Rd1 {[%emt 0:05:12]} b6 {[%emt 0:00:05]} 10. Bf4 {[%emt 0:02:35]} Bb7 {[%emt 0:00:10]} 11. Nc3 {[%emt 0:05:59]} dxc4 {[%emt 0:00:07]} 12. Nd2 {[%emt 0:12:42]} Nd5 {[%emt 0:00:39]} 13. Nxc4 {[%emt 0:00:35]} Nxf4 {[%emt 0:00:07]} 14. gxf4 {[%emt 0:00:02]} Qc7 {[%emt 0:00:09]} 15. e3 {[%emt 0:00:09]} Rfd8 {[%emt 0:04:06]} 16. Rac1 {[%emt 0:00:56]} Rac8 {[%emt 0:03:10]} 17. Qb1 {[%emt 0:07:49]} Nf6 {[%emt 0:22:00]} 18. Ne5 {[%emt 0:06:16]} c5 {[%emt 0:09:25]} 19. Ne4 {[%emt 0:03:09]} Nxe4 {[%emt 0:00:20]} 20. Bxe4 {[%emt 0:00:05]} f5 {[%emt 0:09:49]} 21. Bxb7 {[%emt 0:06:21]} Qxb7 {[%emt 0:00:02]} 22. dxc5 {[%emt 0:00:41]} Rxd1+ {[%emt 0:07:12]} 23. Rxd1 {[%emt 0:00:08]} Rxc5 {[%emt 0:00:07]} 24. b4 {[%emt 0:04:30]} Rd5 {[%emt 0:01:41]} 25. b5 {[%emt 0:04:55]} Bf6 {[%emt 0:06:50]} 26. Nc6 {[%emt 0:05:41]} Qd7 {[%emt 0:01:23]} 27. Rxd5 {[%emt 0:00:15]} Qxd5 {[%emt 0:00:06]} 28. Nxa7 {[%emt 0:06:16]} h5 {[%emt 0:02:35]} 29. h3 {[%emt 0:01:33]} Qf3 {[%emt 0:10:22]} 30. Qf1 {[%emt 0:00:04]} Qa8 {[%emt 0:08:34]} 31. Nc6 {[%emt 0:12:48]} Qxa2 {[%emt 0:00:06]} 32. Qd1 {[%emt 0:00:02]} 1/2-1/2

[Event "WYCC U18 Open 2019"]
[Site "Mumbai"]
[Date "2019.10.07"]
[Round "7.7"]
[White "Vatsal Singhania"]
[Black "Gazik, Viktor"]
[Result "0-1"]
[WhiteElo "2157"]
[BlackElo "2546"]
[Annotator "TA"]
[PlyCount "86"]
[EventDate "2019.10.02"]
[EventType "swiss"]
[EventCountry "IND"]
[SourceTitle "playchess.com"]
[Source "ChessBase"]
[SourceQuality "1"]

{[%evp 9,123,62,50,65,64,31,31,14,15,-12,-12,-18,-19,-19,-13,-8,-14,-12,-13,-27,0,-18,0,10,105,0,0,0,0,0,0,0,0,0,0,-59,-52,-49,-11,-14,0,0,4,-5,-14,-9,-14,-70,-64,-68,-63,-114,-112,-221,-210,-220,-183,-183,-196,-195,-188,-236,-236,-247,-247,-278,-277,-266,-239,-281,-271,-340,-335,-331,-329,-319,-305,-306,-286,-309,-293,-312,-383,-377,-310,-361,-319,-437,-437,-577,-583,-781,-774,-885,-886,-1203,-1409,-1112,-1184,-1402,-1515,-1696,-1549,-1696,-1250,-6028,-1600,-29959,-29963,-29970,-1504,-1242,-1253,-29996,-836,-29990]} 1. e4 c6 2. d4 d5 3. Nc3 b5 4. a3 dxe4 5. Nxe4 Nf6 6. Nxf6+ {B15: Caro-Kann: 3 Nc3: 3...g6 and 3...dxe4 4 Nxe4 Nf6 5 Nxf6+ exf6} (6. Bd3 g6 7. Bg5 Bg7 8. Nf3 O-O 9. Qd2 Bf5 10. Nxf6+ exf6 11. Be3 Bxd3 12. Qxd3 Nd7 13. d5 {0-1 (41) Belyakov,B (2487)-Howell,D (2644) Doha 2016}) 6... exf6 7. Bf4 (7. Bd3 {looks sharper.} Qxd4 8. Nf3 Qd5 9. O-O Bd6 10. Qe2+) 7... Bd6 8. Bxd6 {White is slightly better.} Qxd6 9. Nf3 O-O 10. Be2 Nd7 {[%cal Bb8d7,Bd7b6,Bb6c4][%mdl 32]} 11. O-O Nb6 12. c3 Bf5 $146 ({Predecessor:} 12... Re8 13. Re1 {0-1 (40) Naboka,S (2140)-Kononenko,D (2278) Myrhorod 2011}) 13. Ne1 Rfe8 14. Nd3 Nc4 15. a4 Qe6 16. Nf4 Qe4 (16... Nxb2 $11 17. Qc1 Qb3 18. axb5 cxb5) 17. b3 (17. Qc1 $16 {Bd3 is the strong threat.} Qe7 18. g4) 17... Qxf4 $11 18. bxc4 bxc4 19. Bxc4 Re7 20. Re1 Rae8 {[%cal Ba8e8,Be8e7,Be7b7][%mdl 32]} 21. Rxe7 Rxe7 22. Qf3 ({White should play} 22. a5 $11) 22... Qxf3 $15 23. gxf3 {[%mdl 4096] Endgame KRB-KRB} g5 24. Kg2 h5 25. a5 h4 26. h3 Rb7 27. a6 Rb6 28. d5 ({Better is} 28. Ra5 $11 Bc8 29. f4) 28... cxd5 29. Bxd5 Bc8 30. Bc4 (30. Bb7 $15 Bxb7 31. axb7 Rxb7 32. f4) 30... Rc6 31. Be2 (31. Ra4 $17) 31... Rxc3 $19 32. Rb1 Rc6 33. Rb8 Kg7 34. Bb5 Rc7 35. Bd3 f5 36. Rb3 Rc6 37. Rb8 Bxa6 38. Bxf5 Bc4 39. Rb7 a5 40. Be4 Ra6 41. Rc7 Be6 42. Bd3 Rd6 43. Bc2 Kf6 {Played: Rd6-d2} 0-1

[Event "WYCC U18 Open 2019"]
[Site "Mumbai"]
[Date "2019.10.07"]
[Round "7.8"]
[White "Aditya Mittal"]
[Black "Zarubitski, Viachaslau"]
[Result "*"]
[WhiteElo "2430"]
[BlackElo "2435"]
[Annotator "TA"]
[PlyCount "42"]
[EventDate "2019.10.02"]
[EventType "swiss"]
[EventCountry "IND"]
[SourceTitle "playchess.com"]
[Source "ChessBase"]
[SourceQuality "1"]

{[%evp 23,25,19,14,27]} 1. d4 d5 2. c4 c6 3. Nf3 Nf6 4. e3 g6 5. Bd3 Bg7 6. O-O O-O 7. Nc3 Bg4 8. h3 Bxf3 9. Qxf3 Re8 10. Rd1 e6 11. b3 Nbd7 12. Bb2 Qe7 13. Qe2 {[#] D94: Grünfeld: 4 Nf3 Bg7 5 e3} {Predecessor:} Rad8 $146 14. Qc2 e5 15. dxe5 Nxe5 16. cxd5 Nxd5 17. Nxd5 Rxd5 18. Be2 Red8 19. Rd4 Rxd4 20. Bxd4 Nd7 21. Bxg7 Kxg7 {½-½ (37) Roiz,M (2668)-Ni,H (2670) Saratov 2011} *

[Event "WYCC U18 Open 2019"]
[Site "Mumbai"]
[Date "2019.10.07"]
[Round "7.8"]
[White "Aditya Mittal"]
[Black "Zarubitski, Viachaslau"]
[Result "1/2-1/2"]
[WhiteElo "2430"]
[BlackElo "2435"]
[Annotator "ChessBase"]
[PlyCount "209"]
[EventDate "2019.10.02"]
[EventType "swiss"]
[EventCountry "IND"]
[SourceTitle "playchess.com"]
[Source "ChessBase"]
[SourceQuality "1"]
[TimeControl "40/5400+30:1800+30"]

1. d4 {[%emt 0:00:00]} d5 {[%emt 0:00:00]} 2. c4 {[%emt 0:00:01]} c6 {[%emt 0:00:00]} 3. Nf3 {[%emt 0:00:03]} Nf6 {[%emt 0:00:00]} 4. e3 {[%emt 0:00:07]} g6 {[%emt 0:02:10]} 5. Bd3 {[%emt 0:04:50]} Bg7 {[%emt 0:00:22]} 6. O-O {[%emt 0:01:36]} O-O {[%emt 0:00:21]} 7. Nc3 {[%emt 0:03:51]} Bg4 {[%emt 0:00:34]} 8. h3 {[%emt 0:05:09]} Bxf3 {[%emt 0:00:50]} 9. Qxf3 {[%emt 0:00:09]} Re8 {[%emt 0:00:45]} 10. Rd1 {[%emt 0:04:19]} e6 {[%emt 0:10:12]} 11. b3 {[%emt 0:07:31]} Nbd7 {[%emt 0:00:05]} 12. Bb2 {[%emt 0:00:19]} Qe7 {[%emt 0:03:59]} 13. Qe2 {[%emt 0:04:41]} dxc4 {[%emt 0:31:54]} 14. Bxc4 {[%emt 0:02:51]} e5 {[%emt 0:06:53]} 15. d5 {[%emt 0:00:56]} cxd5 {[%emt 0:01:45]} 16. Nxd5 {[%emt 0:02:43]} Nxd5 {[%emt 0:00:08]} 17. Bxd5 {[%emt 0:00:20]} Nb6 {[%emt 0:00:18]} 18. e4 {[%emt 0:04:51]} Rac8 {[%emt 0:01:37]} 19. a4 {[%emt 0:04:49]} Nxd5 {[%emt 0:16:38]} 20. Rxd5 {[%emt 0:00:51]} Red8 {[%emt 0:03:13]} 21. Rad1 {[%emt 0:00:58]} Rxd5 {[%emt 0:00:41]} 22. Rxd5 {[%emt 0:00:16]} Bf6 {[%emt 0:12:54]} 23. Qd3 {[%emt 0:02:19]} Rc7 {[%emt 0:00:15]} 24. g3 {[%emt 0:01:14]} h5 {[%emt 0:00:14]} 25. h4 {[%emt 0:01:01]} a6 {[%emt 0:00:26]} 26. Kg2 {[%emt 0:01:00]} Kh7 {[%emt 0:00:04]} 27. Bc3 {[%emt 0:01:44]} Qe6 {[%emt 0:04:27]} 28. Ba5 {[%emt 0:06:03]} Rc6 {[%emt 0:00:00]} 29. Rd7 {[%emt 0:01:07]} b6 {[%emt 0:00:47]} 30. Bd2 {[%emt 0:01:26]} Kg7 {[%emt 0:01:03]} 31. Qd5 {[%emt 0:00:59]} Qxd5 {[%emt 0:00:25]} 32. exd5 {[%emt 0:00:34]} Rc2 {[%emt 0:00:22]} 33. Be3 {[%emt 0:01:03]} Rb2 {[%emt 0:00:20]} 34. Bxb6 {[%emt 0:03:21]} Rxb3 {[%emt 0:00:02]} 35. a5 {[%emt 0:00:12]} e4 {[%emt 0:00:24]} 36. Ra7 {[%emt 0:07:18]} Rd3 {[%emt 0:00:12]} 37. Rxa6 {[%emt 0:00:06]} Rxd5 {[%emt 0:00:03]} 38. Ra8 {[%emt 0:00:19]} Rd3 {[%emt 0:02:41]} 39. Kf1 {[%emt 0:20:47]} Bd4 {[%emt 0:00:24]} 40. Rd8 {[%emt 0:01:46]} Bxb6 {[%emt 0:00:30]} 41. Rd6 Rd4 42. Rxd4 {[%emt 0:30:33]} Bxa5 {[%emt 0:30:37]} 43. Rd5 {[%emt 0:00:00]} Bc3 {[%emt 0:00:00]} 44. Rc5 {[%emt 0:00:00]} Bb2 {[%emt 0:00:00]} 45. Rb5 {[%emt 0:00:00]} Bc3 {[%emt 0:00:00]} 46. Rb7 {[%emt 0:00:00]} Kf6 {[%emt 0:00:00]} 47. Ke2 {[%emt 0:00:00]} Ke6 {[%emt 0:00:00]} 48. Rb6+ {[%emt 0:00:00]} Ke5 {[%emt 0:00:00]} 49. Rb8 {[%emt 0:00:00]} Bd4 {[%emt 0:00:00]} 50. Re8+ {[%emt 0:00:00]} Kf5 {[%emt 0:00:00]} 51. Re7 {[%emt 0:00:00]} f6 {[%emt 0:00:00]} 52. Rb7 {[%emt 0:00:00]} Ke5 {[%emt 0:00:00]} 53. Rc7 {[%emt 0:00:00]} Ke6 {[%emt 0:00:00]} 54. Rc6+ {[%emt 0:00:00]} Ke5 {[%emt 0:00:00]} 55. Ra6 {[%emt 0:00:00]} Kf5 {[%emt 0:00:00]} 56. Ra4 {[%emt 0:00:00]} Ke5 {[%emt 0:00:00]} 57. Rc4 {[%emt 0:00:00]} Kd5 {[%emt 0:00:00]} 58. Rb4 {[%emt 0:00:39]} Ke5 {[%emt 0:00:00]} 59. Ra4 {[%emt 0:01:50]} Bb6 {[%emt 0:00:00]} 60. Ra8 {[%emt 0:00:57]} Bd4 {[%emt 0:00:00]} 61. Kf1 {[%emt 0:00:27]} Bb6 {[%emt 0:00:00]} 62. Kg2 {[%emt 0:01:09]} Bd4 {[%emt 0:00:00]} 63. Ra5+ {[%emt 0:00:40]} Ke6 {[%emt 0:00:00]} 64. Ra4 {[%emt 0:00:04]} Ke5 {[%emt 0:00:00]} 65. Ra2 {[%emt 0:04:38]} Kf5 {[%emt 0:00:00]} 66. Re2 {[%emt 0:00:47]} Bc5 {[%emt 0:00:00]} 67. Kf1 {[%emt 0:00:53]} Bd4 {[%emt 0:00:00]} 68. Ra2 {[%emt 0:00:56]} Bb6 {[%emt 0:00:00]} 69. Ke2 {[%emt 0:00:22]} Bd4 70. Ra8 {[%emt 0:00:19]} Bb6 {[%emt 0:00:00]} 71. Rb8 {[%emt 0:00:54]} Bd4 {[%emt 0:00:00]} 72. Rb4 {[%emt 0:00:24]} Ba7 {[%emt 0:00:05]} 73. Rb7 {[%emt 0:00:54]} Bd4 {[%emt 0:00:07]} 74. Rb5+ {[%emt 0:00:21]} Ke6 {[%emt 0:00:04]} 75. Rb4 {[%emt 0:00:06]} Ke5 {[%emt 0:01:54]} 76. f3 {[%emt 0:00:41]} exf3+ {[%emt 0:00:07]} 77. Kxf3 {[%emt 0:00:05]} Bc3 {[%emt 0:00:48]} 78. Re4+ {[%emt 0:00:13]} Kf5 {[%emt 0:00:23]} 79. Rc4 {[%emt 0:00:18]} Be5 {[%emt 0:00:19]} 80. Rc5 {[%emt 0:00:24]} Ke6 {[%emt 0:00:18]} 81. Ra5 {[%emt 0:00:08]} Bc3 {[%emt 0:00:21]} 82. Ra3 {[%emt 0:00:13]} Bb2 {[%emt 0:00:18]} 83. Rb3 {[%emt 0:00:10]} Be5 {[%emt 0:00:22]} 84. Rb6+ {[%emt 0:00:43]} Kf5 {[%emt 0:01:21]} 85. Rc6 {[%emt 0:00:06]} Bb8 {[%emt 0:00:15]} 86. Rc4 {[%emt 0:00:33]} Bd6 {[%emt 0:00:07]} 87. Ra4 {[%emt 0:00:47]} Bc7 {[%emt 0:00:02]} 88. Rb4 {[%emt 0:00:05]} Bd6 {[%emt 0:00:03]} 89. Rb5+ {[%emt 0:00:04]} Be5 {[%emt 0:00:02]} 90. Ra5 {[%emt 0:00:14]} Ke6 {[%emt 0:00:01]} 91. g4 {[%emt 0:00:10]} hxg4+ {[%emt 0:00:27]} 92. Kxg4 {[%emt 0:00:02]} Kf7 {[%emt 0:00:33]} 93. Ra6 {[%emt 0:00:19]} Kg7 {[%emt 0:01:17]} 94. Kf3 {[%emt 0:00:05]} Kh6 {[%emt 0:00:14]} 95. Ra7 {[%emt 0:00:20]} Bd4 {[%emt 0:00:08]} 96. Rd7 {[%emt 0:00:05]} Be5 {[%emt 0:00:42]} 97. Rd8 {[%emt 0:00:12]} Bb2 {[%emt 0:00:24]} 98. Kg4 {[%emt 0:00:04]} Be5 {[%emt 0:00:06]} 99. Re8 {[%emt 0:00:10]} Bd4 {[%emt 0:00:27]} 100. Rh8+ {[%emt 0:00:04]} Kg7 {[%emt 0:00:11]} 101. Rd8 {[%emt 0:00:02]} Be5 {[%emt 0:00:28]} 102. Rd1 {[%emt 0:00:06]} Kh6 {[%emt 0:00:05]} 103. Rh1 {[%emt 0:00:06]} Bd6 {[%emt 0:00:15]} 104. Rd1 {[%emt 0:00:24]} Be5 {[%emt 0:00:24]} 105. Rd7 {[%emt 0:00:05]} 1/2-1/2